[Event "Novosibirsk-ch Seniors op"]
[Site "Novosibirsk"]
[Date "2007.09.25"]
[Round "2"]
[White "Romanov, Viktor"]
[Black "Boryak, Alexey"]
[Result "0-1"]
[WhiteElo "2081"]
[BlackElo "1936"]
[PlyCount "102"]
[EventDate "2007.09.24"]
[EventType "swiss"]
[EventRounds "9"]
[EventCountry "RUS"]
[SourceTitle "EXT 2022"]
[Source "ChessBase"]
[SourceDate "2021.10.06"]
[SourceVersion "1"]
[SourceVersionDate "2021.10.06"]
[SourceQuality "1"]

1. d4 d5 2. Nf3 Nf6 3. g3 g6 4. Bg2 Bg7 5. 0-0 0-0 6. Re1 c6 7. b3 Bf5 8. Bb2 a5 9. a4 Na6 10. Nh4 Bg4 11. h3 Bd7 12. Nd2 Rb8 13. c4 Nb4 14. Bc3 Re8 15. Bxb4 axb4 16. c5 g5 17. Nhf3 g4 18. hxg4 Nxg4 19. Nf1 e5 20. dxe5 Nxe5 21. Rc1 Ng4 22. e3 Bc3 23. Re2 Qe7 24. N1h2 Qxc5 25. Nxg4 Bxg4 26. Qd3 Qe7 27. Rec2 Qf6 28. Nh4 Rbd8 29. Bf1 d4 30. e4 Qe5 31. Bg2 Be6 32. Rb1 c5 33. f4 Qc7 34. f5 c4 35. bxc4 Bxc4 36. Qf3 Kh8 37. Kh2 d3 38. Rcc1 d2 39. Rxc3 bxc3 40. Qxc3+ Kg8 41. Qf3 Rd3 42. Qg4+ Kh8 43. Bf3 Rg8 44. Qf4 Qxf4 45. gxf4 Bb3 46. f6 Rxf3 47. Nxf3 d1Q 48. Rxd1 Bxd1 49. Ng5 Rxg5 50. fxg5 Bxa4 51. Kg3 b5 0-1